<?xml version="1.0" encoding="UTF-8"?>
<collection xmlns="http://www.loc.gov/MARC21/slim">
 <record>
  <leader>08041nam a22004097a 4500</leader>
  <controlfield tag="001">kal6115</controlfield>
  <controlfield tag="003">Gr-AtHEAL</controlfield>
  <controlfield tag="005">20160516042700.0</controlfield>
  <controlfield tag="008">160514b        gr ||||| |||| 00| 0 eng|c</controlfield>
  <datafield tag="020" ind1=" " ind2=" ">
   <subfield code="a">9789606032677</subfield>
  </datafield>
  <datafield tag="040" ind1=" " ind2=" ">
   <subfield code="a">GR-AtHEAL</subfield>
   <subfield code="b">gre</subfield>
   <subfield code="c">GR-AtHEAL</subfield>
  </datafield>
  <datafield tag="082" ind1="0" ind2="4">
   <subfield code="a">616</subfield>
   <subfield code="2">23</subfield>
  </datafield>
  <datafield tag="100" ind1="1" ind2=" ">
   <subfield code="a">Σφηκάκης, Πέτρος.</subfield>
   <subfield code="8">2898</subfield>
  </datafield>
  <datafield tag="245" ind1="1" ind2="0">
   <subfield code="a">Aσκήσεις σημειολογίας και διαφορικής διαγνωστικής στην παθολογία</subfield>
   <subfield code="h">[Ηλεκτρονικός πόρος] </subfield>
   <subfield code="c">Σφηκακης, Πέτρος, Κόκκινος, Αλέξανδρος, Κυρτσωνη, Μαρία Χριστίνα, Μακρυλακης, Κωνσταντίνος, Μπολέτης, Ιωάννης, Παπαθεοδωρίδης, Γεώργιος, Τεντολούρης, Νικόλαος, Ψυχογυιού, Μήνα, Δαίκος, Γεώργιος, Βλαχογιαννάκος, Ιωάννης ;  Κριτικός αναγνώστης, Παναγιωτιδης, Παναγιώτης.</subfield>
  </datafield>
  <datafield tag="260" ind1=" " ind2=" ">
   <subfield code="a">Αθήνα :</subfield>
   <subfield code="b">Σύνδεσμος Ελληνικών Ακαδημαϊκών Βιβλιοθηκών,</subfield>
   <subfield code="c">c2015.</subfield>
  </datafield>
  <datafield tag="490" ind1=" " ind2=" ">
   <subfield code="a">Ακαδημαϊκά Ηλεκτρονικά Συγγράμματα και Βοηθήματα Κάλλιπος</subfield>
   <subfield code="8">40</subfield>
  </datafield>
  <datafield tag="505" ind1=" " ind2=" ">
   <subfield code="a">1. Εισαγωγή στη Νοσολογία του Αναπνευστικού Συστήματος 2. Εισαγωγή στη Νοσολογία του Πεπτικού Συστήματος 3. Εισαγωγή στη Νοσολογία των Νόσων του Μυοσκελετικού Συστήματος 4. Εισαγωγή στη Νοσολογία του Ουροποιητικού Συστήματος 5. Εισαγωγή στη Νοσολογία του Κυκλοφορικού Συστήματος 6. Εισαγωγή στη Νοσολογία των Ενδοκρινών Αδένων 7. Εισαγωγή στις Λοιμώξεις 8. Εισαγωγή στη Νοσολογία του Αιμοποιητικού Συστήματος 9. Εισαγωγή στη Νοσολογία του Νευρολογικού Συστήματος 10. Ασκήσεις Σημειολογίας - Αναπνευστικό Σύστημα 11. Ασκήσεις Σημειολογίας - Πεπτικό Σύστημα 12. Ασκήσεις Σημειολογίας - Μυοσκελετικό Σύστημα 13. Ασκήσεις Σημειολογίας - Ουροποιητικό Σύστημα &amp; Οξεοβασική Ισορροπία 14. Ασκήσεις Σημειολογίας - Κυκλοφορικό Σύστημα 15. Ασκήσεις Σημειολογίας - Ενδοκρινείς Αδένες, Μεταβολισμός 16. Ασκήσεις Σημειολογίας - Λοιμώξεις 17. Ασκήσεις Σημειολογίας - Αιμοποιητικό Σύστημα 18. Ασκήσεις Διαφορικής Διαγνωστικής - Αναπνευστικό Σύστημα 19. Ασκήσεις Διαφορικής Διαγνωστικής - Πεπτικό Σύστημα 20. Ασκήσεις Διαφορικής Διαγνωστικής - Μυοσκελετικό Σύστημα 21. Ασκήσεις Διαφορικής Διαγνωστικής - Ουροποιητικό Σύστημα, Νερό και Ηλεκτρολύτες 22. Ασκήσεις Διαφορικής Διαγνωστικής - Κυκλοφορικό Σύστημα 23. Ασκήσεις Διαφορικής Διαγνωστικής - Ενδοκρινείς Αδένες και Μεταβολισμός 24. Ασκήσεις Διαφορικής Διαγνωστικής - Λοιμώξεις 25. Ασκήσεις Διαφορικής Διαγνωστικής - Αιμοποιητικό Σύστημα 26. Ασκήσεις Διαφορικής Διαγνωστικής - Νευρικό Σύστημα</subfield>
  </datafield>
  <datafield tag="520" ind1=" " ind2=" ">
   <subfield code="a">Ανέκαθεν ο στόχος της εκπαίδευσης των φοιτητών στο μάθημα της Σημειολογίας-Ειδικής Νοσολογίας και στην Παθολογία ήταν η μεγιστοποίηση του χρόνου της πρακτικής εκπαίδευσης στους θαλάμους σε μικρές ομάδες ώστε αυτοί να είναι σε συνεχή επαφή με τους ασθενείς. Απο την άλλη μεριά, η θεωρητική διδασκαλία των αντικειμένων εκπαίδευσης δεν αφορά επί της ουσίας &quot;από έδρας μαθήματα&quot;, αλλά στη συζήτηση των φοιτητών με το διδάσκοντα για ασθενείς με συγκεκριμένα κλινικά προβλήματα, δηλαδή σε κλινικές ασκήσεις. Στη λογική αυτή το παρόν βοήθημα περιλαμβάνει 68 κλινικές ασκήσεις που καλύπτουν όλη τη νοσολογία. Οκτώ ασκήσεις αφορούν σε βραχεία εισαγωγή στη νοσολογία του κάθε συστήματος, ενώ οι λοιπές 60 σε αντιπροσωπευτικά κλινικά περιστατικά. Σε κάθε μία από αυτές προηγείται αναφορά βασικών γνώσεων που είναι απαραίτητες στο φοιτητή προκειμένου προκειμένου να κατανοήσει το κλινικο-διαγνωστικό πρόβλημα, ακουλουθούν δε 1-4 περιπτώσεις ασθενών υπό τη μορφή ιατρικού φακέλλου. Έτσι οι φοιτητές έχουν την ευκαιρία να συζητήσουν με το διδάσκοντα για τον ασθενή και να σκεφτούν, να πρβληματιστούν και να εκπαιδευτούν στη σημειολογία και τη διαφορική διαγνωστική επί πραγματικών κλινικών προβλημάτων ασθενών που νοσηλεύονται καθημερινά σε μια παθολγική κλινική. Ο τρόπος αυτός της εκπαίδευσης των τεταρτοετών φοιτητών στη Σημειολογία-Ειδική Νοσολογία και στην Παθολογία έχει αποδειχτεί ότι είναι ο πλέον παραγωγικός και έχει υιοθετηθεί από πολλές Πανεπιστημιακές Παθολογικές Κλινικές.</subfield>
  </datafield>
  <datafield tag="650" ind1=" " ind2="0">
   <subfield code="a">Diagnosis, Differential.</subfield>
   <subfield code="8">2964</subfield>
  </datafield>
  <datafield tag="653" ind1=" " ind2=" ">
   <subfield code="a">Διάγνωση</subfield>
  </datafield>
  <datafield tag="653" ind1=" " ind2=" ">
   <subfield code="a">Παθολογία</subfield>
  </datafield>
  <datafield tag="653" ind1=" " ind2=" ">
   <subfield code="a">Διαφορική διάγνωση</subfield>
  </datafield>
  <datafield tag="700" ind1=" " ind2=" ">
   <subfield code="a">Κόκκινος, Αλέξανδρος</subfield>
   <subfield code="e">Συγγραφέας</subfield>
   <subfield code="8">2901</subfield>
  </datafield>
  <datafield tag="700" ind1=" " ind2=" ">
   <subfield code="a">Βλαχογιαννάκος, Ιωάννης</subfield>
   <subfield code="e">Συγγραφέας</subfield>
   <subfield code="8">2902</subfield>
  </datafield>
  <datafield tag="700" ind1=" " ind2=" ">
   <subfield code="a">Δαίκος, Γεώργιος</subfield>
   <subfield code="e">Συγγραφέας</subfield>
   <subfield code="8">2903</subfield>
  </datafield>
  <datafield tag="700" ind1=" " ind2=" ">
   <subfield code="a">Ψυχογυιού, Μήνα</subfield>
   <subfield code="e">Συγγραφέας</subfield>
   <subfield code="8">2904</subfield>
  </datafield>
  <datafield tag="700" ind1=" " ind2=" ">
   <subfield code="a">Τεντολούρης, Νικόλαος</subfield>
   <subfield code="e">Συγγραφέας</subfield>
   <subfield code="8">2905</subfield>
  </datafield>
  <datafield tag="700" ind1=" " ind2=" ">
   <subfield code="a">Κυρτσωνη, Μαρία Χριστίνα</subfield>
   <subfield code="e">Συγγραφέας</subfield>
   <subfield code="8">2906</subfield>
  </datafield>
  <datafield tag="700" ind1=" " ind2=" ">
   <subfield code="a">Παπαθεοδωρίδης, Γεώργιος</subfield>
   <subfield code="e">Συγγραφέας</subfield>
   <subfield code="8">2907</subfield>
  </datafield>
  <datafield tag="700" ind1=" " ind2=" ">
   <subfield code="a">Μπολέτης, Ιωάννης</subfield>
   <subfield code="e">Συγγραφέας</subfield>
   <subfield code="8">2908</subfield>
  </datafield>
  <datafield tag="700" ind1=" " ind2=" ">
   <subfield code="a">Μακρυλακης, Κωνσταντίνος</subfield>
   <subfield code="e">Συγγραφέας</subfield>
   <subfield code="8">2909</subfield>
  </datafield>
  <datafield tag="700" ind1=" " ind2=" ">
   <subfield code="a">Παναγιωτιδης, Παναγιώτης</subfield>
   <subfield code="e">Κριτικός αναγνώστης</subfield>
   <subfield code="8">2910</subfield>
  </datafield>
  <datafield tag="856" ind1="7" ind2="2">
   <subfield code="u">http://hdl.handle.net/11419/6115</subfield>
   <subfield code="z">Πλήρες Κείμενο - Full text</subfield>
  </datafield>
  <datafield tag="907" ind1=" " ind2=" ">
   <subfield code="a">.b25681709</subfield>
   <subfield code="b">25-06-18</subfield>
   <subfield code="c">29-07-16</subfield>
  </datafield>
  <datafield tag="949" ind1=" " ind2=" ">
   <subfield code="0">0</subfield>
   <subfield code="1">0</subfield>
   <subfield code="2">ddc</subfield>
   <subfield code="4">0</subfield>
   <subfield code="6">616_000000000000000_ΣΦΗ</subfield>
   <subfield code="7">0</subfield>
   <subfield code="8">KALL</subfield>
   <subfield code="8">935</subfield>
   <subfield code="d">2016-05-16</subfield>
   <subfield code="r">2016-05-16</subfield>
   <subfield code="w">2016-05-16</subfield>
   <subfield code="z">616 ΣΦΗ</subfield>
   <subfield code="o">SEAB KALLIPOS</subfield>
  </datafield>
  <datafield tag="998" ind1=" " ind2=" ">
   <subfield code="a">80</subfield>
   <subfield code="a">01</subfield>
   <subfield code="a">02</subfield>
   <subfield code="a">03</subfield>
   <subfield code="a">04</subfield>
   <subfield code="a">05</subfield>
   <subfield code="a">06</subfield>
   <subfield code="a">07</subfield>
   <subfield code="a">08</subfield>
   <subfield code="a">09</subfield>
   <subfield code="a">10</subfield>
   <subfield code="a">11</subfield>
   <subfield code="a">12</subfield>
   <subfield code="a">13</subfield>
   <subfield code="a">14</subfield>
   <subfield code="a">15</subfield>
   <subfield code="a">16</subfield>
   <subfield code="a">17</subfield>
   <subfield code="a">18</subfield>
   <subfield code="a">19</subfield>
   <subfield code="a">20</subfield>
   <subfield code="a">21</subfield>
   <subfield code="a">22</subfield>
   <subfield code="a">23</subfield>
   <subfield code="a">24</subfield>
   <subfield code="a">25</subfield>
   <subfield code="a">26</subfield>
   <subfield code="b">29-05-17</subfield>
   <subfield code="c">m</subfield>
   <subfield code="d">z  </subfield>
   <subfield code="e">-</subfield>
   <subfield code="f">eng</subfield>
   <subfield code="g">gr </subfield>
   <subfield code="h">0</subfield>
  </datafield>
  <datafield tag="942" ind1=" " ind2=" ">
   <subfield code="2">ddc</subfield>
   <subfield code="c">KALLIPOS</subfield>
  </datafield>
 </record>
</collection>
